00592nam a2200121Ia 4500008004100000020001800041100003900059245014700098260002700245650004100272650011500313856004200428171212s9999 xx 000 0 und d a9780833041456 aKarney, Benjamin R.;Crown, John S. cKarney, Benjamin R.;Crown, John S.aFamilies Under StressbAn Assessment of Data, Theory, and Research on Marriage and Divorce in the Military bRAND Corporationc2007 aManagement & Organizational Behavior aMilitary spouses -- United States; Soldiers -- Family relationships -- United States; Divorce -- United States uwww.jstor.org/stable/10.7249/mg599osd